| 000 | 00599nam a22001457a 4500 | ||
|---|---|---|---|
| 020 | _a0-09-946819-0 | ||
| 082 |
_a823 _bGRI/B |
||
| 100 | _aGRISHAM,JOHN | ||
| 245 | _aBLEACHERS | ||
| 260 |
_aLONDON _bARROW BOOKS |
||
| 300 | _a163 | ||
| 520 | _aBleachers explores themes of glory, both the rewards and the dangers of it, and the toxic cultural worship of sports heroes, specifically in small Southern towns in America. Throughout the novel, the men who so often won on the field discover that the greatest victories are the ones that are won off it. | ||
| 650 |
_aNOVEL,ENGLISH _zLONDON |
||
| 942 | _cBK | ||
| 999 |
_c2389 _d2389 |
||